| 000 | 01156nam a22003737a 4500 | ||
|---|---|---|---|
| 001 | BR7310046 | ||
| 003 | BR-BrBNA | ||
| 005 | 20230928084146.0 | ||
| 007 | ta | ||
| 008 | 230509b bl.||||| |||| 00| 0 por d | ||
| 040 |
_aBR-BrBNA _bpor _cBiblioteca Nacional de Agricultura |
||
| 041 | _a(Por) | ||
| 072 |
_aE30; E50; C00 _b/G514 |
||
| 090 | _ E30 BR7310046 | ||
| 110 | 1 |
_aAssociacao de credito e Assistencia Rural do Estado do Para, Belem (Brasil) _9493 |
|
| 245 | 1 |
_aInvestigacao sobre os fluxos das interrelacoes urbano-rurais no estado do Para [Desenvolvimento agricola; Producao vegetal; Sociologia rural; Brasil] _bTermo de referencia 1. fase do diagnostico preliminar |
|
| 260 | 3 |
_aBelem, PA (Brasil): _c1973. |
|
| 300 | _av. 1-2 | ||
| 500 | _a49 TABLES | ||
| 650 | _aDesenvolvimento agricola | ||
| 650 | _aSociologia rural | ||
| 650 | _aEducacao | ||
| 650 | _aProducao vegetal | ||
| 650 | _aSaude | ||
| 650 | _aDemografia | ||
| 650 | _aRecurso natural | ||
| 650 | _aSolo | ||
| 650 | _aFloresta | ||
| 650 | _aPesca | ||
| 650 | _aProducao animal | ||
| 650 | _aPara | ||
| 909 |
_a202309 _bLucia _c55 _dLucia Elande |
||
| 942 | _cBK | ||
| 999 |
_c17206 _d17206 |
||